| 000 | 00537nam a2200193 a 4500 | ||
|---|---|---|---|
| 001 | 000020954 | ||
| 005 | 20200930011211.0 | ||
| 008 | 100824s1990 sp a r 000 j spa d | ||
| 020 | _a847880028x | ||
| 040 |
_aDO-SdBNP _bspa _cBNPHU |
||
| 082 |
_annnn _bO48r |
||
| 100 | 1 |
_aOliva, Rosa, _d1973- _943886 |
|
| 245 | 1 | 3 |
_aLa rebelión de las gordas / _cRosa Oliva. |
| 260 |
_aMadrid : _bTemas de hoy, _c1990. |
||
| 300 |
_a271, [3] p. : _bil. ; _c20 cm. |
||
| 490 | 1 |
_aEl papagayo _v26 |
|
| 830 | 3 |
_aEl papagayo ; _v26 _943887 |
|
| 049 | _aBNGR | ||
| 999 |
_c20457 _d20457 |
||